banner-ar

فن الحرب عند العرب فى الجاهلية والاسلام / (Record no. 48173)

MARC details
000 -الفاتح
حقل البيانات ثابتة الطول 00656nam a2200205Ia 4500
008 - عناصر البيانات ثابتة الطول - معلومات عامة
حقل البيانات ثابتة الطول 140319s9999 xx 000 0 ara d
040 ## - مصدر الفهرسة
وكالة الفهرسة الأصلية GCL /
وكالة النسخ GCL
082 04 - رقم تصنيف ديوى العشرى
رقم التصنيف 355.02927
رقم المادة ج ف
100 1# - المدخل الرئيسى - إسم شخصى
الإسم الشخصى جمال محفوظ
245 10 - بيان العنوان
العنوان فن الحرب عند العرب فى الجاهلية والاسلام /
بيان المسئوليه,etc جمال محفوظ
300 ## - الوصف المادى
التعداد 116 ص
490 ## - بيان السلسلة
عنوان السلسلة موسوعة الحضارة العربية الاسلامية
رقم المجلد/ التعيين التسلسلي 0
650 04 - المدخل الاضافى بالموضوع-مصطلح موضوعى
مصطلح موضوعي التاريخ الاسلامى
650 04 - المدخل الاضافى بالموضوع-مصطلح موضوعى
مصطلح موضوعي العلوم العسكرية
650 04 - المدخل الاضافى بالموضوع-مصطلح موضوعى
مصطلح موضوعي القتال
650 04 - المدخل الاضافى بالموضوع-مصطلح موضوعى
مصطلح موضوعي الحرب
650 04 - المدخل الاضافى بالموضوع-مصطلح موضوعى
مصطلح موضوعي التاريخ العربى
942 ## - عناصر المدخل الإضافي( كوها)
مصدر التصنيف او مخطط الترفيف Dewey Decimal Classification
Koha [default] item type كتاب
Holdings
حالة التراجع حالة الفقد حالة تلف ليس للاعارة المكان المؤقت الموقع الحالى تاريخ الاكتساب اجمالي اﻻعارات رقم الطلب الباركود تاريخ اخر مشاهدة تاريخ تفعيل السعر نوع وعاء كوها
        مكتبة القاهرة الكبرى مكتبة القاهرة الكبرى 03/26/2014   355.02927\ج ف 116273 03/26/2014 03/26/2014 كتاب
        مكتبة القاهرة الكبرى مكتبة القاهرة الكبرى 03/26/2014   355.02927\ج ف 116274 03/26/2014 03/26/2014 كتاب

Powered By

EGPV